Patmos spravodaj evanjelického a.v. cirkevného zboru v Prešove

Bibliographic Details
Format: Journal
Language:Slovak
PhysicalDescription:15 zv. 30 cm
Published: V Prešove Evanjelický a.v. farský úrad 1995-2009
Subjects:

MARC

LEADER 00000cas a2200000 a 4500
001 vtls008413723
003 SK-MaSNL
005 20260228160938.0
008 051206d19952009xo zx|p r 0 b0slo
040 |a SVKPO  |b slo  |c SVKPO  |d SNK  |e AACR2 
041 0 |a slo 
043 |a e-xo--- 
044 |a xo  |c SK 
072 7 |a 271/279  |x Kresťanské cirkvi, sekty, denominácie  |2 konspekt 
080 |a 274/279  |2 2011 
080 |a 274/278-774  |2 2001 
080 |a (437.671)  |2 2011 
080 |a 050  |2 2001 
080 |a 2(051)  |2 2011 
245 0 0 |a Patmos  |b spravodaj evanjelického a.v. cirkevného zboru v Prešove 
260 |a V Prešove  |b Evanjelický a.v. farský úrad  |c 1995-2009 
300 |a 15 zv.  |c 30 cm 
310 |a Nepravidelne 
362 0 |a Č. 0 (1995)-č. 2 (2002) ; roč. 7, č. 3 (2002)-roč. 14, č. 2 (febr. 2009) 
500 |a Evidenčné číslo: EV 530/08 
500 |a Reg. číslo: OÚ-XI/27/95 
500 |a Od r. 2001 podnázov: spravodajca evanjelického a.v. cirkevného zboru v Prešove 
500 |a Vychádza v PDF formáte od r. 2011 
525 |a Má rôzne prílohy 
610 2 7 |a Evanjelická cirkev a.v.  |b Cirkevný zbor (Prešov, Slovensko)  |2 SNKKA  |9 131953 
650 0 7 |a evanjelické cirkvi  |2 SNKPH  |9 64962 
650 0 7 |a evanjelické zbory  |2 SNKPH  |9 66831 
651 7 |a Prešov (Slovensko)  |2 SNKPHgeo  |9 17347 
655 7 |a náboženské časopisy  |2 SNKPH  |9 70790 
752 |a Slovensko  |d Prešov 
850 |a Štátna vedecká knižnica v Prešove 
856 4 1 |a www.patmos.sk 
910 |a snk 
999 |c 3971  |d 5901 
952 |0 0  |1 0  |4 0  |7 0  |8 0  |a SNK  |b SNK  |d 2019-03-11  |i snk2019/6446  |l 0  |o snkČSB 6979/7/2002  |p 17A1343929  |r 2026-02-21 21:50:56  |t č. 1-5 + 1 príl.  |w 2026-02-21  |y PREZ  |z Príloha v č. 4 ; Ročník je uvedený od č. 3 
952 |0 0  |1 0  |4 0  |7 0  |8 0  |a SNK  |b SNK  |d 2019-03-11  |i snk2019/6447  |l 0  |o snkČSB 6979/8/2003  |p 17A1343930  |r 2026-02-21 21:50:56  |t č. 1-3 + 2 príl.  |w 2026-02-21  |y PREZ  |z Prílohy v č. 2, 3 ; V č. 1 sú prílohy súčasťou čas. 
952 |0 0  |1 0  |4 0  |7 0  |8 0  |a SNK  |b SNK  |d 2019-03-11  |i snk2019/6449  |l 0  |o snkČSB 6979/9/2004  |p 17A1343931  |r 2026-02-21 21:50:56  |t č. 1-6, neúplné + 3 príl.  |w 2026-02-21  |y PREZ  |z Chýba č. 1 ; Prílohy v č. 2, 3, 6 
952 |0 0  |1 0  |4 0  |7 0  |8 0  |a SNK  |b SNK  |d 2019-03-11  |i snk2019/6458  |l 0  |o snkČSB 6979/10/2005  |p 17A1343932  |r 2026-02-21 21:50:56  |t č. 1-6 + 6 príl.  |w 2026-02-21  |y PREZ  |z Prílohy v č. 1, 2x v č. 2, 3, 4, 6 
952 |0 0  |1 0  |4 0  |7 0  |8 0  |a SNK  |b SNK  |d 2019-03-11  |i snk2019/6459  |l 0  |o snkČSB 6979/11/2006  |p 17A1343933  |r 2026-02-21 21:50:56  |t č. 1-5 + 5 príl.  |w 2026-02-21  |y PREZ  |z Prílohy v č. 1 2x, 2, 3, 5 
952 |0 0  |1 0  |4 0  |7 0  |8 0  |a SNK  |b SNK  |d 2019-03-11  |i snk2019/6460  |l 0  |o snkČSB 6979/12/2007  |p 17A1343934  |r 2026-02-21 21:50:56  |t č. 1-5 + 2 príl.  |w 2026-02-21  |y PREZ  |z Prílohy v č. 1, 2 
952 |0 0  |1 0  |4 0  |7 0  |8 0  |a SNK  |b SNK  |d 2019-03-11  |i snk2019/6462  |l 0  |o snkČSB 6979/13/2008  |p 17A1343935  |r 2026-02-21 21:50:56  |t č. 1-5, neúplné + 3 príl.  |w 2026-02-21  |y PREZ  |z Chýba č. 3 ; Prílohy v č. 1, 2x v č. 4, 5 
952 |0 0  |1 0  |4 0  |7 0  |8 0  |a SNK  |b SNK  |d 2019-03-11  |i snk2019/6463  |l 0  |o snkČSB 6979/14/2009  |p 17A1343936  |r 2026-02-21 21:50:56  |t č. 1-2 + 3 príl.  |w 2026-02-21  |y PREZ  |z Prílohy v č. 1, 2x v č. 2 
952 |0 0  |1 0  |4 0  |7 0  |8 0  |a SNK  |b SNK  |d 2019-03-08  |i snk2019/6425  |l 0  |o snkČSB 6979/1995  |p 17A1343922  |r 2026-02-21 21:51:07  |t č. 0  |w 2026-02-21  |y PREZ 
952 |0 0  |1 0  |4 0  |7 0  |8 0  |a SNK  |b SNK  |d 2019-03-08  |i snk2019/6428  |l 0  |o snkČSB 6979/1996  |p 17A1343923  |r 2026-02-21 21:51:07  |t č. 1-2  |w 2026-02-21  |y PREZ 
952 |0 0  |1 0  |4 0  |7 0  |8 0  |a SNK  |b SNK  |d 2019-03-08  |i snk2019/6431  |l 0  |o snkČSB 6979/1997  |p 17A1343924  |r 2026-02-21 21:51:07  |t č. 1-2, neúplné  |w 2026-02-21  |y PREZ  |z Chýba č. 1 
952 |0 0  |1 0  |4 0  |7 0  |8 0  |a SNK  |b SNK  |d 2019-03-08  |i snk2019/6432  |l 0  |o snkČSB 6979/1998  |p 17A1343925  |r 2026-02-21 21:51:07  |t č. 1-3 + 2 príl.  |w 2026-02-21  |y PREZ  |z Prílohy v č. 1, 2 
952 |0 0  |1 0  |4 0  |7 0  |8 0  |a SNK  |b SNK  |d 2019-03-08  |i snk2019/6436  |l 0  |o snkČSB 6979/1999  |p 17A1343926  |r 2026-02-21 21:51:07  |t č. 1-3 + 1 príl.  |w 2026-02-21  |y PREZ  |z Príloha v č. 2 
952 |0 0  |1 0  |4 0  |7 0  |8 0  |a SNK  |b SNK  |d 2019-03-08  |i snk2019/6437  |l 0  |o snkČSB 6979/2000  |p 17A1343927  |r 2026-02-21 21:51:07  |t č. 1  |w 2026-02-21  |y PREZ 
952 |0 0  |1 0  |4 0  |7 0  |8 0  |a SNK  |b SNK  |d 2019-03-08  |i snk2019/6439  |l 0  |o snkČSB 6979/2001  |p 17A1343928  |r 2026-02-21 21:51:08  |t č. 1-6 + 3 príl.  |w 2026-02-21  |y PREZ  |z Prílohy v č. 3,4,5